El trámite notarial de adjudicación en sucesión por común acuerdo / (Registro nro. 172914)

Detalles MARC
000 -LEADER
fixed length control field 01557nam a22003371i 4500
001 - CONTROL NUMBER
control field bslw10065346
006 - FIXED-LENGTH DATA ELEMENTS--ADDITIONAL MATERIAL CHARACTERISTICS--GENERAL INFORMATION
fixed length control field m o d
007 - PHYSICAL DESCRIPTION FIXED FIELD--GENERAL INFORMATION
fixed length control field cr un ---uuuua
008 - FIXED-LENGTH DATA ELEMENTS--GENERAL INFORMATION
fixed length control field 230705s2022 ck ob 000 0 spa d
020 ## - INTERNATIONAL STANDARD BOOK NUMBER
International Standard Book Number 9789587916201
035 ## -
-- 38608
040 ## - CATALOGING SOURCE
Original cataloging agency UtOrBLW
Language of cataloging eng
Description conventions rda
Transcribing agency UtOrBLW
043 ## -
-- s-ck---
050 #4 -
-- KHH670
-- .R87 2022
082 04 -
-- 346.861052
-- 23
100 1# - MAIN ENTRY--PERSONAL NAME
Personal name Rusinque Suárez, Germán Felipe,
Relator term author.
245 13 - TITLE STATEMENT
Title El trámite notarial de adjudicación en sucesión por común acuerdo /
Statement of responsibility, etc Germán Felipe Rusinque Suárez (Abogado de la Universidad Externado de Colombia Especialista en Derecho Contractual de la Universidad del Rosario), Antonia Suárez Castelblanco (Abogada de la Universidad Libre de Colombia Especialista en Gestión Pública de la Escuela Superior de Administración Pública), Laura Carvajal Rocha (Abogada de la Universidad Jorge Tadeo Lozano Conciliadora en Derecho de la Cámara de Comercio de Bogotá).
264 #1 -
-- Bogotá, Colombia :
-- Grupo Editorial Ibáñez,
-- [2022]
300 ## - PHYSICAL DESCRIPTION
Extent 1 online resource (130 pages)
336 ## -
-- text
-- txt
-- rdacontent
337 ## -
-- computer
-- c
-- rdamedia
338 ## -
-- online resource
-- cr
-- rdacarrier
504 ## - BIBLIOGRAPHY, ETC. NOTE
Bibliography, etc Includes bibliographical references.
650 #0 - SUBJECT ADDED ENTRY--TOPICAL TERM
Topical term or geographic name as entry element Inheritance and succession
Geographic subdivision Colombia.
650 #0 - SUBJECT ADDED ENTRY--TOPICAL TERM
Topical term or geographic name as entry element Notaries
Geographic subdivision Colombia.
700 1# - ADDED ENTRY--PERSONAL NAME
Personal name Castelblanco, Antonia Celestina,
Relator term author.
700 1# - ADDED ENTRY--PERSONAL NAME
Personal name Carvajal Rocha, Laura,
Relator term author.
856 40 - LOCALIZACIÓN Y ACCESO ELECTRÓNICO
Identificador Uniforme del Recurso (URI/URL) https://app.vlex.com/#/sources/38608
942 ## -
-- RAA
999 ## -
-- 172914
-- 172914

No hay ítems disponibles.


CONTACTO


NOSOTROS


SITIOS DE INTERES

coordinacion.biblioteca.biblioteca@unienlinea.mx Misión, Visión y Objetivos Bases de datos
Directorio Bibliotecas Digitales y Repositorios
Normatividad Revistas y artículos
Convenios interbibliotecarios
Boletines



Hecho en México. Universidad Insurgentes (UIN). Todos los derechos reservados 2024. Esta página y sus contenidos pueden ser reproducidos con fines no lucrativos, siempre y cuando no se mutile, se cite la fuente completa y su dirección electrónicas. De otra forma requiere permiso previo por escrito de la institución




2024 Copyright Universidad Insurgentes | www.bibliouin.com.mx